GOODS AND SERVICES TAX ACT 2014 (ACT 762) (Record no. 4696)

000 -LEADER
fixed length control field aam a22 a 4500
003 - CONTROL NUMBER IDENTIFIER
control field AKMAL
005 - DATE AND TIME OF LATEST TRANSACTION
control field 20170728114634.0
008 - FIXED-LENGTH DATA ELEMENTS--GENERAL INFORMATION
fixed length control field 1707 t2017 my e l 000 0 eng d
020 ## - INTERNATIONAL STANDARD BOOK NUMBER
International Standard Book Number 9789677014411
Terms of availability RM 50.00
082 04 - DEWEY DECIMAL CLASSIFICATION NUMBER
Classification number 343.5950558 MAL
Edition number 23
090 00 - LOCALLY ASSIGNED LC-TYPE CALL NUMBER (OCLC); LOCAL CALL NUMBER (RLIN)
Classification number (OCLC) (R) ; Classification number, CALL (RLIN) (NR) 343.5950558
Local cutter number (OCLC) ; Book number/undivided call number, CALL (RLIN) MAL
110 1# - MAIN ENTRY--CORPORATE NAME
Corporate name or jurisdiction name as entry element Malaysia,
Relator term jurisdiction governed.
9 (RLIN) 400
245 10 - TITLE STATEMENT
Title GOODS AND SERVICES TAX ACT 2014 (ACT 762)
Remainder of title (AS AT January 2017) /
Statement of responsibility, etc. Compiled by: Legal Research Board
264 #1 - PRODUCTION, PUBLICATION, DISTRIBUTION, MANUFACTURE, AND COPYRIGHT NOTICE
Place of production, publication, distribution, manufacture Kuala Lumpur :
Name of producer, publisher, distributor, manufacturer MDC Publishers Sdn. Bhd,
Date of production, publication, distribution, manufacture, or copyright notice 2017
300 ## - PHYSICAL DESCRIPTION
Extent 137 pages ;
Dimensions 24 cm.
490 1# - SERIES STATEMENT
Series statement LAWS OF MALAYSIA
650 10 - SUBJECT ADDED ENTRY--TOPICAL TERM
Topical term or geographic name entry element Taxation
General subdivision Law and legislation
Geographic subdivision Malaysia
9 (RLIN) 204
650 20 - SUBJECT ADDED ENTRY--TOPICAL TERM
Topical term or geographic name entry element Sales tax
General subdivision Law and legislation
Geographic subdivision Malaysia
9 (RLIN) 621
650 20 - SUBJECT ADDED ENTRY--TOPICAL TERM
Topical term or geographic name entry element Service industries
General subdivision Taxation
Geographic subdivision Malaysia
9 (RLIN) 8812
710 2# - ADDED ENTRY--CORPORATE NAME
Corporate name or jurisdiction name as entry element Lembaga Penyelidikan Undang-Undang,
Relator term editor.
9 (RLIN) 9012
830 #0 - SERIES ADDED ENTRY--UNIFORM TITLE
Uniform title Laws of Malaysia
9 (RLIN) 1830
942 ## - ADDED ENTRY ELEMENTS (KOHA)
Source of classification or shelving scheme
Koha item type Book
Holdings
Withdrawn status Lost status Source of classification or shelving scheme Damaged status Not for loan Collection code Home library Current library Shelving location Date acquired Inventory number Total Checkouts Full call number Barcode Date last seen Price effective from Koha item type Date last checked out
          NON-FICTION AKMAL Melaka AKMAL Melaka PINJAMAN 28.07.2017 307053   343.5950558 MAL 201707606 28.07.2017 28.07.2017 Book  
          NON-FICTION AKMAL Melaka AKMAL Melaka PINJAMAN 28.07.2017 307054   343.5950558 MAL 201707607 28.07.2017 28.07.2017 Book  
          NON-FICTION AKMAL Melaka AKMAL Melaka PINJAMAN 28.07.2017 307055   343.5950558 MAL 201707608 28.07.2017 28.07.2017 Book  
          NON-FICTION AKMAL Melaka AKMAL Melaka PINJAMAN 28.07.2017 307056   343.5950558 MAL 201707620 28.07.2017 28.07.2017 Book  
          NON-FICTION AKMAL Melaka AKMAL Melaka PINJAMAN 28.07.2017 307057   343.5950558 MAL 201707619 28.07.2017 28.07.2017 Book  
          NON-FICTION AKMAL Melaka AKMAL Melaka PINJAMAN 28.07.2017 307058   343.5950558 MAL 201707618 28.07.2017 28.07.2017 Book  
          NON-FICTION AKMAL Melaka AKMAL Melaka PINJAMAN 28.07.2017 307059   343.5950558 MAL 201707609 28.07.2017 28.07.2017 Book  
          NON-FICTION AKMAL Melaka AKMAL Melaka PINJAMAN 28.07.2017 307060   343.5950558 MAL 201707610 28.07.2017 28.07.2017 Book  
          NON-FICTION AKMAL Melaka AKMAL Melaka PINJAMAN 28.07.2017 307061   343.5950558 MAL 201707611 28.07.2017 28.07.2017 Book  
          NON-FICTION AKMAL Melaka AKMAL Melaka PINJAMAN 28.07.2017 307062 1 343.5950558 MAL 201707612 20.11.2017 28.07.2017 Book 31.10.2017
Pusat Sumber Maklumat Dato' Haji Sarmin Md Hussin, Akademi Kastam Diraja Malaysia, Melaka
Tel: 06-2331106 | Faks: 06-2313787